Sports Quiz

Random Sports or NFL Quiz
Score 0/88 Timer 15:00
0 Plays Today
Team Player % Correct
ChiefsPatrick Mahomes
99.4%
ChiefsTyreek Hill
98.9%
RaidersDerek Carr
98.3%
BroncosDrew Lock
97.7%
BroncosMelvin Gordon
97.7%
ChiefsTravis Kelce
97.7%
ChiefsSammy Watkins
97.2%
RaidersJosh Jacobs
97.2%
RaidersTyrell Williams
97.2%
ChargersMike Williams
97.2%
BroncosCourtland Sutton
96.6%
BroncosVon Miller
96%
RaidersKolton Miller
96%
ChargersJustin Herbert
96%
ChargersKeenan Allen
96%
BroncosJerry Jeudy
95.5%
ChargersAustin Ekeler
94.4%
BroncosNoah Fant
93.2%
BroncosDre'Mont Jones
92.1%
ChiefsChris Jones
92.1%
ChargersJustin Jones
92.1%
ChargersChris Harris Jr.
92.1%
ChiefsTyrann Mathieu
91.5%
BroncosShelby Harris
90.4%
ChiefsClyde Edwards-Helaire
90.4%
ChargersHunter Henry
90.4%
BroncosJa'Wuan James
89.8%
ChargersDerwin James
89.8%
ChiefsMecole Hardman
88.7%
ChargersJoey Bosa
88.7%
Team Player % Correct
RaidersDarren Waller
88.1%
BroncosBradley Chubb
87.6%
RaidersHenry Ruggs III
87.6%
ChiefsEric Fisher
85.9%
ChargersMelvin Ingram
84.7%
ChiefsMitchell Schwartz
83.1%
ChiefsFrank Clark
81.9%
BroncosKareem Jackson
81.4%
RaidersGabe Jackson
81.4%
RaidersRodney Hudson
79.7%
BroncosK.J. Hamler
78.5%
BroncosAlexander Johnson
78.5%
RaidersClelin Ferrell
78.5%
BroncosJustin Simmons
78%
RaidersTrent Brown
77.4%
RaidersHunter Renfrow
76.8%
RaidersMaxx Crosby
76.3%
ChargersCasey Hayward
75.7%
BroncosGarett Bolles
72.9%
ChargersDesmond King
70.1%
RaidersJohnathan Abram
67.2%
BroncosA.J. Bouye
66.1%
ChargersMike Pouncey
65.5%
ChargersTrai Turner
64.4%
ChiefsBashaud Breeland
62.1%
RaidersDamon Arnette
62.1%
BroncosTodd Davis
59.9%
ChargersLinval Joseph
58.8%
RaidersCory Littleton
58.2%
BroncosJurrell Casey
57.6%
Team Player % Correct
RaidersRichie Incognito
57.6%
RaidersLamarcus Joyner
57.1%
ChiefsAnthony Hitchens
56.5%
ChargersKenneth Murray
55.9%
ChiefsJuan Thornhill
55.4%
ChiefsLaurent Duvernay Tardif
53.7%
ChargersBryan Bulaga
47.5%
ChiefsCharvarius Ward
46.9%
BroncosGraham Glasgow
44.1%
RaidersMaurice Hurst
44.1%
BroncosDalton Risner
43.5%
ChiefsWillie Gay
41.8%
BroncosBryce Callahan
40.1%
BroncosLloyd Cushenberry
39.5%
ChiefsDerrick Nnadi
39.5%
RaidersMaliek Collins
37.9%
RaidersDamarious Randall
36.7%
RaidersTrayvon Mullen
36.2%
ChiefsAlex Okafor
33.3%
RaidersNick Kwiatkoski
33.3%
ChiefsAndrew Wylie
30.5%
ChiefsAustin Reiter
30.5%
ChargersDan Feeney
28.2%
ChargersRayshawn Jenkins
27.1%
ChargersSam Tevi
25.4%
ChargersAndre Patton
23.2%
ChargersDrue Tranquill
23.2%
ChiefsRashad Fenton
19.8%
Remove Ads.
Support Sporcle.
Get the best of Sporcle when you Go Orange. This ad-free experience offers more features, more stats, and more fun while also helping to support Sporcle. Thank you for becoming a member.

You're not logged in!

Compare scores with friends on all Sporcle quizzes.
OR
Log In

Sporcle TV

Today on Sporcle TV


Watch our educational content, quiz creation guides, and fun videos on Sporcle TV.

Show Comments

Extras

Top Quizzes Today


Score Distribution

Paid Content

Your Account Isn't Verified!

In order to create a playlist on Sporcle, you need to verify the email address you used during registration. Go to your Sporcle Settings to finish the process.

Report this User

Report this user for behavior that violates our Community Guidelines.

Details: